<?xml version="1.0" encoding="UTF-8"?>
<record
    xmlns:xsi="http://www.w3.org/2001/XMLSchema-instance"
    xsi:schemaLocation="http://www.loc.gov/MARC21/slim http://www.loc.gov/standards/marcxml/schema/MARC21slim.xsd"
    xmlns="http://www.loc.gov/MARC21/slim">

  <leader>00279    a2200109   4500</leader>
  <controlfield tag="005">20251204143147.0</controlfield>
  <datafield tag="020" ind1=" " ind2=" ">
    <subfield code="a">9789354439384</subfield>
  </datafield>
  <datafield tag="100" ind1=" " ind2=" ">
    <subfield code="a">Karukuri V.</subfield>
    <subfield code="9">215656</subfield>
  </datafield>
  <datafield tag="245" ind1=" " ind2=" ">
    <subfield code="a">Venky On Data Structures: For Those Who Hate Them</subfield>
  </datafield>
  <datafield tag="260" ind1=" " ind2=" ">
    <subfield code="b">PHI Learning P.Ltd.</subfield>
    <subfield code="c">2025</subfield>
  </datafield>
  <datafield tag="942" ind1=" " ind2=" ">
    <subfield code="c">AR</subfield>
  </datafield>
  <datafield tag="999" ind1=" " ind2=" ">
    <subfield code="c">369274</subfield>
    <subfield code="d">369274</subfield>
  </datafield>
  <datafield tag="952" ind1=" " ind2=" ">
    <subfield code="0">0</subfield>
    <subfield code="1">0</subfield>
    <subfield code="2">ddc</subfield>
    <subfield code="4">0</subfield>
    <subfield code="7">0</subfield>
    <subfield code="a">CCEP</subfield>
    <subfield code="b">CCEP</subfield>
    <subfield code="d">2025-12-05</subfield>
    <subfield code="e">115</subfield>
    <subfield code="g">367.50</subfield>
    <subfield code="l">2</subfield>
    <subfield code="o">005.73 KAR</subfield>
    <subfield code="p">CCEP-BK-69951</subfield>
    <subfield code="r">2026-02-13 11:21:11</subfield>
    <subfield code="s">2026-02-06</subfield>
    <subfield code="v">525.00</subfield>
    <subfield code="w">2025-12-05</subfield>
    <subfield code="y">BK</subfield>
  </datafield>
</record>
